000
00244nam a22001097a 4500
082
_a
ROL
100
_a
Rolando M A Roque Maltherbe
245
_a
The physicaly chemistry of material
260
_a
London
_b
CRC
_c
2010
300
_a
500
942
_c
BK
999
_c
55134
_d
55131